LEADER 00773nam0-22002891i-450- 001 990000499950403321 005 20100209123947.0 035 $a000049995 035 $aFED01000049995 035 $a(Aleph)000049995FED01 035 $a000049995 100 $a20020821d1964----km-y0itay50------ba 101 0 $aeng 105 $ay-------001yy 200 1 $aDielectrics$fJ. C. Anderson 210 $aLondon$cChapman and Hall$d1964 215 $a171 p.$cill.$d24 cm 225 1 $aModern electrical studies 610 0 $aDielettrici 676 $a537.24 700 1$aAnderson,$bJ. C.$g 801 0$aIT$bUNINA$gRICA$2UNIMARC 901 $aBK 912 $a990000499950403321 952 $a10 C I 173$b5692$fDINEL 959 $aDINEL 997 $aUNINA LEADER 00930nam0-2200325---450 001 990005651440203316 005 20210811085159.0 035 $a000565144 035 $aUSA01000565144 035 $a(ALEPH)000565144USA01 100 $a20040721d1985----km y1itay5003----ba 101 1 $aita$ceng 102 $aIT 200 1 $aRacconti d'inverno$fKaren Blixen 210 $aMilano$cBompiani$d1985 215 $a319 p.$d19 cm 225 2 $aTascabili Bompiani$v330 300 $aTraduzione di Adriana Motti 410 0$12001$aTascabili Bompiani$v330 454 0$1001SA0011155$12001$aWinter tales$fKaren Blixen$91859924 676 $a839.8 700 1$aBLIXEN,$bKaren$0438920 702 1$aMOTTI,$bAdriana 801 0$aIT$bSA$c20111219 912 $a990005651440203316 951 $aXV.18.B. 75 (FDC 800 BLI)$b5924 FIL$cXV.18.B.$d549568 959 $aBK 969 $aFDECI 996 $aWinter tales$91859924 997 $aUNISA